[Event "Cappelle Online Blitz op"]
[Site "Europe Echecs INT"]
[Date "2022.01.09"]
[Round "4"]
[White "Materia, Marco"]
[Black "Dimey, Cyrille"]
[Result "1-0"]
[WhiteElo "2364"]
[BlackElo "1923"]
[PlyCount "57"]
[EventDate "2022.01.09"]
[EventType "swiss (blitz)"]
[EventRounds "11"]
[EventCountry "FRA"]
[SourceTitle "EXT 2023"]
[Source "ChessBase"]
[SourceDate "2022.10.05"]
[SourceVersion "1"]
[SourceVersionDate "2022.10.05"]
[SourceQuality "1"]

1. d4 Nf6 2. c4 e6 3. Nf3 Bb4+ 4. Nbd2 b6 5. a3 Be7 6. e4 Bb7 7. e5 Ne4 8. Bd3 Nxd2 9. Bxd2 d6 10. Bc3 Nd7 11. 0-0 0-0 12. Re1 Re8 13. b4 c5 14. exd6 Bxd6 15. dxc5 bxc5 16. Bxh7+ Kxh7 17. Qxd6 Bxf3 18. Qg3 Nf6 19. Qxf3 cxb4 20. axb4 Qe7 21. Re5 Kg8 22. Rg5 Kf8 23. Qh3 Qc7 24. c5 Qf4 25. Rg3 Ke7 26. Rxg7 Ne4 27. Bd4 Rh8 28. Rg4 Rxh3 29. Rxf4 1-0

[Event "Europe Echecs Blitz Nov op"]
[Site "Europe Echecs INT"]
[Date "2020.11.08"]
[Round "10"]
[White "Alberola, Raphael"]
[Black "Dimey, Cyrille"]
[Result "1-0"]
[WhiteElo "1664"]
[BlackElo "1883"]
[PlyCount "49"]
[EventDate "2020.11.08"]
[EventType "swiss (blitz)"]
[EventRounds "11"]
[EventCountry "FRA"]
[SourceTitle "CBM 199 Extra"]
[Source "ChessBase"]
[SourceDate "2021.01.31"]
[SourceVersion "1"]
[SourceVersionDate "2021.01.31"]
[SourceQuality "1"]

1. e4 e6 2. d4 d5 3. e5 c5 4. Qg4 Nc6 5. Nf3 Qb6 6. Bd3 Nge7 7. 0-0 cxd4 8. c3 dxc3 9. Nxc3 Ng6 10. Re1 Qc7 11. Qg3 Bd7 12. Nb5 Qb8 13. h4 a6 14. Nc3 b5 15. h5 Nge7 16. Bf4 h6 17. Rad1 Nb4 18. Bb1 Nbc6 19. Nxd5 Qa7 20. Nc3 b4 21. Ne4 Nd5 22. Nd6+ Bxd6 23. exd6 0-0 24. Bxh6 Nf6 25. Qxg7# 1-0

[Event "Europe Echecs Blitz Nov op"]
[Site "Europe Echecs INT"]
[Date "2020.11.08"]
[Round "1"]
[White "Shevchenko, Kirill"]
[Black "Dimey, Cyrille"]
[Result "1-0"]
[WhiteElo "2592"]
[BlackElo "1883"]
[PlyCount "57"]
[EventDate "2020.11.08"]
[EventType "swiss (blitz)"]
[EventRounds "11"]
[EventCountry "FRA"]
[SourceTitle "CBM 199 Extra"]
[Source "ChessBase"]
[SourceDate "2021.01.31"]
[SourceVersion "1"]
[SourceVersionDate "2021.01.31"]
[SourceQuality "1"]

1. e4 e6 2. d4 d5 3. e5 c5 4. c3 Nc6 5. Nf3 cxd4 6. cxd4 Qb6 7. Nc3 Nge7 8. Bd3 Nf5 9. Bxf5 exf5 10. Nxd5 Qd8 11. Nc3 Bb4 12. 0-0 0-0 13. d5 Nb8 14. Qb3 Bxc3 15. bxc3 b6 16. c4 Nd7 17. Re1 Nc5 18. Qc2 Ne4 19. Nd4 b5 20. f3 Qb6 21. Be3 f4 22. fxe4 fxe3 23. c5 Qd8 24. Qc3 a6 25. Qxe3 Bg4 26. Rac1 Rc8 27. c6 Qb6 28. Nf5 Bxf5 29. Qxb6 1-0

[Event "FRA-ch Blitz Online Qual"]
[Site "Europe Echecs INT"]
[Date "2020.05.16"]
[Round "4"]
[White "Dimey, Cyrille"]
[Black "Song, Julien"]
[Result "0-1"]
[WhiteElo "1871"]
[BlackElo "2306"]
[PlyCount "44"]
[EventDate "2020.05.16"]
[EventType "swiss (blitz)"]
[EventRounds "15"]
[EventCountry "FRA"]
[SourceTitle "CBM 196 Extra"]
[Source "ChessBase"]
[SourceDate "2020.07.31"]
[SourceVersion "1"]
[SourceVersionDate "2020.07.31"]
[SourceQuality "1"]

1. d4 Nf6 2. c4 e6 3. Nc3 Bb4 4. e3 0-0 5. Nge2 Re8 6. Ng3 b6 7. Be2 Bb7 8. Bf3 Bxf3 9. Qxf3 d5 10. cxd5 exd5 11. 0-0 Bxc3 12. bxc3 Ne4 13. Nxe4 dxe4 14. Qd1 Nc6 15. f3 Qd5 16. f4 f5 17. Qb3 Rad8 18. Qxd5+ Rxd5 19. a4 Na5 20. Ba3 Nc4 21. Bb4 Nxe3 22. a5 Nxf1 0-1

[Event "FRA-ch op-B"]
[Site "Nimes"]
[Date "2018.08.18"]
[Round "6"]
[White "Dimey, Cyrille"]
[Black "Cassam Chenai, Eric"]
[Result "1-0"]
[WhiteElo "1807"]
[BlackElo "1914"]
[PlyCount "176"]
[EventDate "2018.08.18"]
[EventType "swiss"]
[EventRounds "9"]
[EventCountry "FRA"]
[SourceTitle "CBM 186 Extra"]
[Source "ChessBase"]
[SourceDate "2018.08.24"]
[SourceVersion "1"]
[SourceVersionDate "2018.08.24"]
[SourceQuality "1"]

1. d4 Nf6 2. c4 e6 3. Nc3 Bb4 4. e3 b6 5. Nge2 Ba6 6. Ng3 d5 7. Qa4+ Nc6 8. Qxc6+ Kf8 9. Qa4 Bxc3+ 10. bxc3 Bb7 11. Ba3+ Kg8 12. c5 c6 13. Bd3 h5 14. h3 h4 15. Nf1 Nd7 16. Nd2 e5 17. Qc2 e4 18. Be2 Qg5 19. Rg1 f5 20. 0-0-0 b5 21. g3 Qh6 22. g4 fxg4 23. Rxg4 Nf6 24. Rgg1 Bc8 25. Rh1 Kf7 26. Rdg1 g6 27. Qd1 Bf5 28. Kb1 a5 29. Bc1 a4 30. Ba3 Rhe8 31. Qf1 Reb8 32. Bb4 Re8 33. Qg2 Rh8 34. Qg5 Qxg5 35. Rxg5 Nh7 36. Rg2 Nf6 37. Kb2 Ke6 38. Bd1 Kd7 39. Bc2 Kc7 40. Kb1 Kb7 41. Ba3 Ka6 42. Bc1 Rae8 43. Kb2 Re6 44. Rhh2 Rh6 45. Rg1 Ka5 46. a3 Ka6 47. f3 Kb7 48. fxe4 dxe4 49. c4 Ka6 50. Kc3 Re8 51. Bd1 Rc8 52. Be2 Ka5 53. Bf1 Rh7 54. Rf2 Nh5 55. Bg2 Ng3 56. Nf1 Nh5 57. Rb2 Rd7 58. Bd2 Rh7 59. Kc2+ Ka6 60. cxb5+ cxb5 61. Be1 Nf6 62. Bb4 Nd5 63. Kd1 Rd7 64. Ke2 Rc6 65. Nd2 Nf6 66. Rbb1 Re7 67. Rbf1 Nd5 68. Nb1 Nf6 69. Nc3 Rd7 70. Rf4 Nh5 71. Rxh4 Rh7 72. Kd2 g5 73. Rxh5 Rxh5 74. Bxe4 Rf6 75. Nd5 Rf7 76. Bxf5 Rxf5 77. Nc7+ Kb7 78. Nxb5 Rf2+ 79. Kd3 Rf3 80. Nd6+ Kc6 81. Ne4 Rhxh3 82. Nxg5 Rxe3+ 83. Kc4 Rh4 84. Nf7 Rf4 85. Rg6+ Kb7 86. Nd8+ Kc8 87. Rd6 Rf8 88. Nc6 Rh8 1-0

[Event "FRA-ch op-B"]
[Site "Nimes"]
[Date "2018.08.18"]
[Round "8"]
[White "Dimey, Cyrille"]
[Black "Verin, Jules"]
[Result "1-0"]
[WhiteElo "1807"]
[BlackElo "1941"]
[PlyCount "67"]
[EventDate "2018.08.18"]
[EventType "swiss"]
[EventRounds "9"]
[EventCountry "FRA"]
[SourceTitle "CBM 186 Extra"]
[Source "ChessBase"]
[SourceDate "2018.08.24"]
[SourceVersion "1"]
[SourceVersionDate "2018.08.24"]
[SourceQuality "1"]

1. d4 g6 2. c4 Bg7 3. Nc3 d6 4. Nf3 Nd7 5. Bg5 Ngf6 6. e3 h6 7. Bh4 0-0 8. Be2 c5 9. d5 Ne5 10. Nd2 a6 11. a4 g5 12. Bg3 Bf5 13. Bxe5 dxe5 14. e4 Bh7 15. h4 gxh4 16. Rxh4 Ne8 17. g4 Nd6 18. Bd3 e6 19. Rh5 Bg6 20. Rh2 Qg5 21. Qe2 f5 22. dxe6 fxg4 23. Nd5 Rae8 24. e7 Rf7 25. 0-0-0 Bf6 26. Rg1 h5 27. Kc2 Bxe7 28. Rgh1 Ref8 29. Ne3 Kg7 30. Nf5+ Kg8 31. Nh4 Rh7 32. Nf1 Qf4 33. Nxg6 Qh6 34. Nh4 1-0